00680nam a2200157 a 450000100100000000500170001000800410002704000250006811001480009324500320024124600270027326000720030030000280037295201050040099900170050500004289420201002040459.0140212s1989 dr b 000 0 spa d aDO-SdBNPbspacBNPHU1 aRepública DominicanabBanco Central de la República DominicanabDepartamento del Fondo de Inversiones para el Desarrollo Económico97034110aManual crediticio del FIDE.12aManual de credito fide aSanto Domingo :bBanco Central de la República Dominicana,c1989. a33 p. :bmapa ;c28 cm. 0010718PDaGRbGRcCTd2014-02-12iLF1l0o p42894-10r2020-06-25w2020-06-25yLFPDZNo se presta c42383d42383